000 00293nam a2200109Ia 4500
005 20251222153521.0
008 251222s9999||||xx |||||||||||||| ||spa||
082 _a658.503/N14
100 _a"Nadler, Gerald"
245 0 _a"Diseño de sistemas de producción: el concepto "IDEALS""
942 _cLIB
999 _c29715
_d29715